Сборник машиностроительных чертежей для деталировок: учебное пособие

Dades bibliogràfiques
Altres autors: Павлов Я. М. (редактор)
Idioma:rus
Publicat: Москва, Изд-во машиностроительной лит-ры, 1960
Edició:3-е изд.
Matèries:
Format: MixedMaterials Llibre
KOHA link:https://koha.lib.tpu.ru/cgi-bin/koha/opac-detail.pl?biblionumber=115454

MARC

LEADER 00000nam0a2200000 4500
001 115454
005 20231031122632.0
035 |a (RuTPU)RU\TPU\book\124868 
090 |a 115454 
100 |a 20070508d1960 m y0rusy50 ca 
101 0 |a rus 
102 |a RU 
105 |a y j 000zy 
200 1 |a Сборник машиностроительных чертежей для деталировок  |e учебное пособие  |f под ред. Я. М. Павлова 
205 |a 3-е изд. 
210 |a Москва  |c Изд-во машиностроительной лит-ры  |d 1960  |a Ленинград 
215 |a 100 с. 
610 1 |a машиностроительные чертежи 
610 1 |a чертежи 
610 1 |a сборники 
610 1 |a деталировки 
675 |a 744:621(02)  |v 3 
702 1 |a Павлов  |b Я. М.  |4 340 
801 1 |a RU  |b 63413507  |c 20070508  |g PSBO 
801 2 |a RU  |b 63413507  |c 20080429  |g PSBO 
942 |c BK